书目信息 |
| 题名: |
法兰西的特性
|
|
| 作者: | 布劳代尔 著 ;顾良 , 张泽乾 译 | |
| 分册: | ||
| 出版信息: | 北京 商务印书馆 2020 |
|
| 页数: | 42,1110页 | |
| 开本: | 21cm | |
| 丛书名: | ||
| 单 册: | ||
| 中图分类: | K565.07 , K565 | |
| 科图分类: | ||
| 主题词: | ||
| 电子资源: | ||
| ISBN: | 978-7-100-17893-8 | |
| 000 | 01051nam0 2200277 450 | |
| 001 | 2250417421 | |
| 005 | 20220928140048.11 | |
| 010 | @a978-7-100-17893-8@b精装@dCNY138.00 | |
| 100 | @a20200622d2020 em y0chiy50 ea | |
| 101 | 1 | @achi@cfre |
| 102 | @aCN@b110000 | |
| 105 | @aab z 000yy | |
| 200 | 1 | @a法兰西的特性@9fa lan xi de te xing@f(法)费尔南·布罗代尔著@g顾良,张泽乾译 |
| 210 | @a北京@c商务印书馆@d2020 | |
| 215 | @a42,1110页@c图,地图@d21cm | |
| 330 | @a在这部著作中布罗代尔试图从地理学、人类学、人口统计学、政治经济学等不同人文科学的角度,分别考察法兰西的全部历史。该书向我们展示了一幅长时段、深层次、多面向的布罗代尔风格的法兰西总体史。 | |
| 500 | 10 | @a法兰西的特性@9fa lan xi de te xing |
| 510 | 1 | @dIdentité de la France@zfre |
| 607 | @a法国@x历史@x研究 | |
| 690 | @aK565.07@v5 | |
| 690 | @aK565@v4 | |
| 701 | 0 | @c(法)@a布劳代尔@9bu lao dai er@c(Braudel, Fernand@f1902-1985)@4著 |
| 702 | 0 | @a顾良@9gu liang@4译 |
| 702 | 0 | @a张泽乾@9zhang ze qian@f(1937-)@4译 |
| 801 | 0 | @aCN@b91MARC@c20200622 |
| 905 | @aZUCC@dK565@e6 | |
| 法兰西的特性/(法)费尔南·布罗代尔著/顾良,张泽乾译.-北京:商务印书馆,2020 |
| 42,1110页:图,地图;21cm |
| ISBN 978-7-100-17893-8(精装):CNY138.00 |
| 在这部著作中布罗代尔试图从地理学、人类学、人口统计学、政治经济学等不同人文科学的角度,分别考察法兰西的全部历史。该书向我们展示了一幅长时段、深层次、多面向的布罗代尔风格的法兰西总体史。 |
| ● |
| 相关链接 |
|
|
|
正题名:法兰西的特性
索取号:K565/6
 
预约/预借
| 序号 | 登录号 | 条形码 | 馆藏地/架位号 | 状态 | 备注 |
| 1 | 2000904439 | 2000904439 | 第三书库/ [索取号:K565/6] | 在馆 | |
| 2 | 2000904440 | 2000904440 | 第三书库/ [索取号:K565/6] | 在馆 | |
| 3 | 2000904441 | 2000904441 | 第三书库/ [索取号:K565/6] | 在馆 |